Logo BPK

Biblioteka

Politechniki Koszalińskiej

Spain architects : (Rekord nr 53380)

Szczegóły MARC
000 -ETYKIETA REKORDU
podpole kontrolne o stałej długości 00838nam a2200265 i 4500
001 - NUMER KONTROLNY REKORDU
pole kontrolne bg
020 ## - MIĘDZYNARODOWY ZNORMALIZOWANY NUMER KSIĄŻKI - ISBN
ISBN 8493452548
040 ## - ŹRÓDŁO KATALOGOWANIA
Instytucja, która utworzyła rekord BPK
041 w# - KOD JĘZYKA
Kod języka tekstu engspa
080 ## - UNIWERSALNA KLASYFIKACJA DZIESIĘTNA - UKD
UKD 72(460)"20/21"
920 ## - Międzynarodowy znormalizowany numer książki – ISBN
ISBN 84-934525-4-8
008 - POLE O STAŁEJ DŁUGOŚCI - DANE KONTROLNE
podpole kontrolne o stałej długości s pl f |000 0 pol
245 00 - TYTUŁ/ODPOWIEDZIALNOŚĆ
Tytuł Spain architects :
Ciąg dalszy tytułu housing 1 /
Pozostałe elementy strefy tytułu i oznaczenia odpowiedzialności [ed. Manel Padura.
246 1# - WARIANT TYTUŁU
Tytuł Vivienda - Housing
250 ## - STREFA WYDANIA
Oznaczenie wydania 2th ed.].
260 ## - STREFA ADRESU WYDAWNICZEGO
Miejsce wydania Barcelona :
Nazwa wydawcy/dystrybutora MP Manel Padura,
Data publikacji, dystrybucji/powstania dokumentu 2007.
300 ## - STREFA OPISU FIZYCZNEGO
Objętość 335 s. :
Inne cechy fizyczne il. (gł. kolor.) ;
Rozmiary 32 cm.
500 ## - UWAGI OGÓLNE
Tekst uwagi Tekst równol. hiszp. i ang.
500 ## - UWAGI OGÓLNE
Tekst uwagi Tyt. grzbiet.: "Vivienda - Housing".
650 #9 - HASŁO PRZEDMIOTOWE W FORMIE NAZWY OGÓLNEJ LUB JEDNOSTKOWEJ
Nazwa ogólna lub geograficzna Architektura hiszpańska
Określnik ogólny projekty
Określnik chronologiczny 20-21 w.
650 #9 - HASŁO PRZEDMIOTOWE W FORMIE NAZWY OGÓLNEJ LUB JEDNOSTKOWEJ
Nazwa ogólna lub geograficzna Architekci
Określnik geograficzny Hiszpania
Określnik chronologiczny 20-21 w.
700 1# - HASŁO DODATKOWE - NAZWA OSOBOWA
Nazwa osobowa PADURA, Manel.
Określenie związku między hasłem a opisywanym materiałem Red.
856 ## - LOKALIZACJA I DOSTĘP DO ELEKTRONICZNYCH DOKUMENTÓW ZDALNYCH
Link (URL) http://koha.tu.koszalin.pl/cgi-bin/koha/opac-detail.pl?biblionumber=53380
Tekst linku Katalog online BPK
942 ## - DODATKOWE ELEMENTY (KOHA)
Typ dokumentu Książka
Egzemplarze
Wycofany Status egzemplarza Uszkodzony Dostępność Lokalizacja stała Lokalizacja bieżąca Miejsce przechowywania Sygnatura Kod kreskowy Dział Typ dokumentu
      Tylko na miejscu Czytelnia Wydziału Elektroniki i Informatyki, Wydziału Architektury i Wzornictwa, Wydziału Inżynierii Mechanicznej i Energetyki oraz Wydziału Inżynierii Lądowej, Środowiska i Geodezji Czytelnia Wydziału Elektroniki i Informatyki, Wydziału Architektury i Wzornictwa, Wydziału Inżynierii Mechanicznej i Energetyki oraz Wydziału Inżynierii Lądowej, Środowiska i Geodezji Czytelnia Wydziałowa ul. Śniadeckich 2 83418 02365107 72 Architektura Książka
© 2023 Biblioteka Politechniki Koszalińskiej :: KOHA